Las hermanas /

Guardado en:
Autor Principal: Orgambide, Pedro
Formato: Libro
Publicado: Buenos Aires : Goyanarte, 1959
Materias:
Etiquetas: Agregar Etiqueta
Sin Etiquetas, Sea el primero en etiquetar este registro!
LEADER 00509nam a22001815a 4500
001 EHU.bham024997
003 AR-BHAM
005 20130508104606.0
008 130507s1959##################000#0#####d
082 A 8 |a 863.4 
100 1 |a Orgambide, Pedro 
245 1 0 |a Las hermanas /  |c Pedro Orgambide 
260 |a Buenos Aires :  |b Goyanarte,  |c 1959 
300 |a 93 p. 
653 |a Donacion lejarraga 
653 |a Literatura 
653 |a Novela argentina 
859 |a AR-BHAM  |b BIB. HUMANIDADES - General  |h A863.4  |i OR14-3  |k A  |p 728.02  |t Ej.1